000 00668nam a22001937a 4500
999 _c164020
_d164020
005 20190508154755.0
010 _aUR-10079
020 _c350.00
_a-
035 _aU-8634
037 _bDBAD/PUB
082 _a840.08
100 _aا نصا ر ی سر ا ج ا حمد
245 _aمضر ا ب نقد
_cا نصا ر ی سر ا ج ا حمد
246 _bMazrab-e-Naqd (Urdu)
_aby Dr. Seraj Ahmed Ansari
260 _a Delhi
_bEducational Publishing House
_c2018 ء
270 _a3191،Vakil Street,Kucha Pandit,Lal Kuan,
_bDelhi
_e110006
_k23216162
_l00911123211540
300 _a207ص
_c22 Cm.(bk)
942 _2ddc
_cUR
_h840.08
_mا ن ص